00587nam a2200169Ia 4500003000900000008004100009020001800050040001600068080002200084100001800106245011600124260007400240300002300314650004100337650001400378650002500392IN-BaIIA211028s9999 xx 000 0 eng d a2-222-02022-0 cIIA Library a082.2:52bIAU-C37 aBalkowski, C. 0aDecalages vers le rouge et expansion de l'universcC. Balkowski  aParisbEditions Du Centre National De La Recherche Scientifiquec1977 a[various pagings.] aAstronomy and astrophysics thesaurus aCosmology aExtragalactic system